000 00561nam a2200193Ia 4500
003 GCL
008 140319s9999 xx 000 0 ara d
040 _aGCL /
_cGCL
082 0 4 _a709.2
_bن د
100 1 _aنعيم عطية
245 1 0 _aدنيا هذا الفنان /
_cنعيم عطية
260 _a[S.N] :
_bالهيئة المصرية العامة للكتاب ،
_c1988
300 _a213 ص
490 _a
650 0 4 _aالفنون الجميلة
650 0 4 _aالفنانون
650 0 4 _aالفنون التشكيلية
942 _2ddc
_cBK
999 _c55516
_d55516